Statistics for Letter E EU countries

Click here to take the quiz!

General Stats

  • This quiz has been taken 24 times
  • The average score is 12 of 13

Answer Stats

HintAnswer% Correct
3Denmark
100%
5France
100%
6Germany
100%
13United Kingdom
100%
8Ireland
96%
12Sweden
96%
1Belgium
91%
2Czechia
91%
4Estonia
91%
10Netherlands
91%
7Greece
87%
9Luxembourg
78%
11Slovenia
70%

Score Distribution

Percentile by Number Answered

Percent of People with Each Score

Your Score History

You have not taken this quiz